Cartoon Network Shows by Year - Statistics

General Stats
  • This quiz has been taken 848 times
    712 since last reset
  • The average score is 21 of 56
Answer Stats
Airing Time Series % Correct
2010-Current Adventure Time
81%
2011-Current The Amazing World of Gumball
77%
2016-Current The Powerpuff Girls
74%
1998-2005 The Powerpuff Girls
74%
2010-Current Regular Show
72%
2005-2008 Ben 10
68%
2017-Current Ben 10 (2016)
68%
2008-2010 Ben 10: Alien Force
68%
2012-2014 Ben 10: Omniverse
68%
2010-2012 Ben 10: Ultimate Alien
68%
1996-2003 Dexter's Laboratory
66%
1999-2009 Ed, Edd n Eddy
64%
1997-2004 Johnny Bravo
61%
2013-Current Steven Universe
61%
1999-2002 Courage the Cowardly Dog
58%
2002-2008 Codename: Kids Next Door
54%
2004-2009 Foster's Home for Imaginary Friends
54%
2007-2010 Chowder
52%
2001-2004 Samurai Jack
51%
2003-2008 The Grim Adventures of Billy & Mandy
49%
2008-2010 The Marvelous Misadventures of Flapjack
48%
2013-2017 Uncle Grandpa
48%
1997-1999 Cow and Chicken
47%
2014-2018 Clarence
46%
2015-Current We Bare Bears
42%
2018-Current Craig of the Creek
40%
2005-2008 Camp Lazlo
36%
2017-Current OK K.O.! Let's Be Heroes
30%
1997-2000 I Am Weasel
29%
2005-2008 My Gym Partner's a Monkey
28%
2018-Current Apple & Onion
26%
2010-2013 Generator Rex
23%
1999-2001 Mike, Lu & Og
22%
1994~2008 Space Ghost Coast to Coast
22%
2003-2007 Evil Con Carne
21%
2000-2002 Sheep in the Big City
20%
1993-2000 The Moxy Show
19%
2002-2003 Whatever Happened to... Robot Jones?
19%
2005-2007 The Life and Times of Juniper Lee
17%
2006-2008 Class of 3000
16%
2001-2003 Time Squad
16%
2019-Current Victor and Valentino
16%
1995-2002 What a Cartoon!
16%
2004-2006 Hi Hi Puffy AmiYumi
15%
2004-2005 Megas XLR
15%
2018-Current Summer Camp Island
15%
2010-2011 Sym-Bionic Titan
15%
2011-2013 The Problem Solverz
15%
2008-2010 The Secret Saturdays
15%
2016-Current Mighty Magiswords
14%
2006-2007 Squirrel Boy
14%
2003-2005 Star Wars: Clone Wars
14%
2011-2012 Secret Mountain Fort Awesome
13%
2014-2016 Mixels
10%
2010-2011 Robotomy
10%
2007-2009 Transformers: Animated
10%
No matching quizzes found
Score Distribution
Percent of People with Each Score
Percentile by Number Answered
Your Score History
You have not taken this quiz since the last reset